Decadentismo morale e decadentismo estetico /

Saved in:
Bibliografiske detaljer
Hovedforfatter: Roda, Vittorio (Author)
Format: Bog
Sprog:italiensk
Udgivet: Bologna : Patron, [1966]
Serier:Testi e saggi di letterature moderne. Saggi ; 7
Fag:
Tags: Tilføj Tag
Ingen Tags, Vær først til at tagge denne postø!

MARC

LEADER 00000nam a22000007i 4500
001 IT\ICCU\SBL\0555143
003 ItRI
005 20260115232358.0
008 910930s1966 it |||||| ||||| |||||c
015 |2 IT  |a 6611553 
040 |b ita  |c importazione bologna sebina 
041 7 |a ita  |2 ISO-639-2 
082 |a 801.9  |9 ESTETICA E CRITICA LETTERARIA  |2 16 
100 1 |a Roda, Vittorio  |0 IT\ICCU\CFIV\053745  |4 aut 
240 1 0 |a Decadentismo morale e decadentismo estetico  |3 IT\ICCU\UBO\4833303  |9 Roda, Vittorio 
245 1 0 |a Decadentismo morale e decadentismo estetico /  |c Vittorio Roda. 
260 |a Bologna :  |b Patron,  |c [1966] 
300 |a 161 p. ;  |c 21 cm. 
650 7 |a Decadentismo 
830 0 |a Testi e saggi di letterature moderne. Saggi ;  |v 7  |0 IT\ICCU\RAV\0111491 
942 |2 ddc  |c BK  |n 0 
952 |0 0  |1 0  |4 0  |6 DOC_850_912000000000000_ROD  |7 0  |9 25096  |a BO  |b BO  |d 2026-01-15  |i 7755  |l 0  |o DOC 850.912 ROD  |p BO7755  |r 2026-01-15 23:23:58  |w 2026-01-15  |x [Sebina 5] [1 v.]  |y BK  |z 1 v. 
999 |c 21324  |d 21324